| 000 | 00000nam 2200000zi 4500 |
| 001 | 9.937601 |
| 003 | CaOODSP |
| 005 | 20250115141221 |
| 006 | m o d f |
| 007 | cr |n||||||||| |
| 008 | 240430e202405 onca o f000 0 fre d |
| 020 | |a9780660716787|z9780660716794 |
| 040 | |aCaOODSP|bfre|erda|cCaOODSP |
| 043 | |an-cn--- |
| 086 | 1 |aH139-66/2024F-PDF |
| 245 | 00|aSanté Canada met en garde contre la présence sur le marché d'insecticides non autorisés. |
| 264 | 1|a[Ottawa] : |bSanté Canada = Health Canada, |cmai 2024. |
| 300 | |a1 ressource en ligne (1 page non numérotée) : |billustrations en couleur |
| 336 | |atexte|btxt|2rdacontent/fre |
| 337 | |ainformatique|bc|2rdamedia/fre |
| 338 | |aressource en ligne|bcr|2rdacarrier/fre |
| 500 | |aPublié aussi en anglais sous le titre : Health Canada warns about unregistered insecticides in the marketplace. |
| 500 | |a« Pub. : 240123. » |
| 500 | |aL'ISBN imprimé dans cette publication (9780660716794) est incorrect. |
| 650 | 6|aPesticides|xDroit|zCanada. |
| 650 | 6|aDichlorvos|xPolitique gouvernementale|zCanada. |
| 710 | 1 |aCanada. |bSanté Canada, |eorganisme de publication. |
| 775 | 08|tHealth Canada warns about unregistered insecticides in the marketplace.|w(CaOODSP)9.937599 |
| 776 | 0#|tSanté Canada met en garde contre la présence sur le marché d'insecticides non homologués.|w(CaOODSP)9.937602 |
| 856 | 40|qPDF|s295 Ko|uhttps://publications.gc.ca/collections/collection_2025/sc-hc/H139-66-2024-fra.pdf |